| 000 | 00806nam a2200241 a 4500 | ||
|---|---|---|---|
| 001 | BRL_1487 | ||
| 005 | 20190320211230.0 | ||
| 008 | 280114s1974----mx-aob###c---#000-0#spa-# | ||
| 041 | _aspa | ||
| 044 | _amx | ||
| 050 | 4 |
_aGV1628 _b.O45 1974 |
|
| 100 | 1 |
_aOlivera B., Mercedes _927073 |
|
| 245 | 1 | 0 |
_aCatálogo Nacional de Danzas _cMercedes Oliveira B. |
| 260 |
_aMéxico _bFondo Nacional para el Desarrollo de la Danza Popular Mexicana _c1974 |
||
| 300 |
_av. _bil., fotografías ( blanco y negro), hojas plegables, mapas _c22 cm. |
||
| 500 | _av.1 Au1754 | ||
| 504 | _aBibliografía p. 187 | ||
| 505 | 0 | _aContenido: v.1 Danzas y fiestas de Chiapas | |
| 650 | 1 | 4 |
_aDanzas populares y nacionales mexicanas _926948 |
| 650 | 1 | 4 |
_aIndígenas de México _xDanzas _927074 |
| 902 | _aGRL | ||
| 942 |
_2lcc _cB |
||
| 999 |
_c10297 _d10297 |
||